[Event "Peer Gynt"]
[Site "Gausdal"]
[Date "1990.??.??"]
[Round "6"]
[White "Kourkounakis, Ilias"]
[Black "Chekhov, Valery A"]
[Result "0-1"]
[WhiteElo "2355"]
[BlackElo "2495"]

1.c4 e5 2.g3 c6 3.Nf3 e4 4.Nd4 d5 5.cxd5 Qxd5 6.e3 Nf6 7.Bg2 Qe5 8.Nc3 Bc5
9.Qc2 Bxd4 10.exd4 Qxd4 11.Nxe4 Nxe4 12.Bxe4 O-O 13.O-O Bh3 14.Re1 f5 15.Bd3 Kh8
16.Qc4 Qf6 17.f4 Nd7 18.Re6 Qd8 19.b3 Nb6 20.Qc3 Nd5 21.Qd4 Nxf4 22.Rd6 Nxd3
23.Bb2 Qb6 24.Qxb6 axb6 25.Rxd3 Rad8 26.Rxd8 Rxd8 27.Bc3 Kg8 28.Re1 Kf7 29.Re5 g6
30.a4 Bg4 31.b4 Bd1 32.a5 bxa5 33.bxa5 Bc2 34.Kf2 Be4 35.g4 h6 36.h4 Rd3
37.g5 hxg5 38.hxg5 Rf3+ 39.Ke2 Rg3 40.Bb4 c5 41.Bxc5 Rxg5 42.a6 bxa6 43.Re7+ Kf6
44.Ra7 Rg2+ 45.Kf1 f4 46.d3 Bd5 47.Rxa6+ Kf5 48.Ra5 Ra2  0-1

[Event "OL Wuert8990"]
[Site "Germany"]
[Date "1990.??.??"]
[Round "?"]
[White "Knoedler, Dieter"]
[Black "Holzhaeuer, Mathias"]
[Result "0-1"]
[WhiteElo "2255"]
[BlackElo "2315"]

1.c4 e5 2.g3 Nf6 3.Nc3 Bb4 4.Bg2 Nc6 5.Nd5 O-O 6.Nxb4 Nxb4 7.Nf3 e4 8.Nd4 d5
9.cxd5 Qxd5 10.Nc2 Nxa2 11.d3 Nxc1 12.Qxc1 Qh5 13.dxe4 Bh3 14.O-O Ng4 15.Qf4 Bxg2
16.Kxg2 Qxh2+ 17.Kf3 h5 18.Nd4 Rae8 19.e3 c5 20.Nf5 g6 21.Nh6+ Kg7 22.Nxg4 hxg4+
23.Ke2 Qg2 24.e5 a6 25.Rac1 Qf3+ 26.Qxf3 gxf3+ 27.Kxf3 Rxe5 28.Rfd1 Rc8 29.Rd7 b5
30.e4 Rce8 31.Ra1 R8e6 32.Rd5 Rf6+ 33.Ke3 Rxd5 34.exd5 Kf8 35.Rc1 c4 36.f4 Ke7
37.Kd4 g5 38.Ke5 gxf4 39.gxf4 Rb6 40.Re1 Kd7 41.Re4 Rb8 42.Kd4 Re8 43.Re5 Rxe5
44.fxe5 a5 45.Kc5 a4 46.Kb4 Ke7 47.Kc3 f6  0-1

[Event "BL2-N8990"]
[Site "Germany"]
[Date "1990.??.??"]
[Round "?"]
[White "Clemens, Christian"]
[Black "Sommerfeld, Armin"]
[Result "0-1"]
[WhiteElo "2380"]
[BlackElo "2265"]

1.g3 e5 2.c4 Nc6 3.Bg2 f5 4.Nc3 Nf6 5.d3 g6 6.e4 d6 7.Nge2 Bg7 8.h3 O-O 9.Be3 Be6
10.Nd5 Qd7 11.Qd2 Nd8 12.O-O-O c6 13.Nxf6+ Bxf6 14.f4 fxe4 15.Bxe4 d5 16.fxe5 Bxe5
17.d4 dxe4 18.dxe5 Qxd2+ 19.Rxd2 Bxc4 20.Nc3 Bd3 21.Re1 Nf7 22.e6 Ne5 23.Bh6 Nf3
24.Bxf8 Nxe1 25.e7 Re8 26.b4 Nf3 27.Rxd3 exd3 28.Ne4 Rxf8 29.exf8=Q+ Kxf8
30.Nc5 d2+ 31.Kd1 b6 32.Ne4 Ke7 33.h4 Ke6 34.Ke2 Ke5 35.Nf2 Nd4+ 36.Kxd2 h5
37.Kd3 Nf5 38.Ne4 a6 39.a4 Kd5 40.Nf6+ Ke6 41.Ne4 Ke5 42.Nd2 b5 43.axb5 axb5
44.Ne4 Kd5 45.Nc3+ Ke6 46.Ne2 Ke5 47.Nf4 Ne7 48.Ke2 Kd4 49.Kf3 Kc4 50.g4 hxg4+
51.Kxg4 Kxb4 52.Kg5 Ka3 53.Nxg6 Nxg6 54.Kxg6 b4 55.h5  0-1

[Event "Regionalliga NordN"]
[Site "Germany"]
[Date "1990.??.??"]
[Round "?"]
[White "Gallus, Gerald"]
[Black "Stanke, Juergen"]
[Result "1/2-1/2"]
[WhiteElo "2210"]
[BlackElo "2270"]

1.g3 e5 2.c4 d6 3.Bg2 g6 4.d4 Nd7 5.Nc3 Bg7 6.Nf3 Ngf6 7.O-O O-O 8.b3 Re8
9.e3 exd4 10.exd4 c6 11.Bf4 Nf8 12.Qd2 Bf5 13.Rfe1 Ne4 14.Nxe4 Bxe4 15.Ng5 Bxg2
16.Rxe8 Qxe8 17.Re1 Qd7 18.Kxg2 d5 19.c5 Re8 20.Rxe8 Qxe8 21.Qe3 Qxe3 22.fxe3 Nd7
23.Nf3 f5 24.Nd2 Bf6 25.b4 Bd8 26.a4 a6 27.Nb1 Kf7 28.Na3 Ke6 29.b5 g5 30.Bd6 Ba5
31.bxa6 bxa6 32.Nb1 Nf6 33.Bb8 Ng4 34.Kf3 Nxh2+ 35.Ke2 h5 36.Nd2 Bxd2 37.Kxd2 Nf3+
38.Ke2 g4 39.Bf4 h4 40.gxh4 Nxh4 41.Kf2 Nf3 42.Kg3 Ne1 43.Kf2 Nd3+ 44.Kg3 Nxf4
45.exf4 Kf6 46.a5 Kg6 47.Kg2 Kh6 48.Kh2  1/2-1/2

[Event "BL2-W8990"]
[Site "Germany"]
[Date "1990.??.??"]
[Round "?"]
[White "Sehner, Norbert"]
[Black "Rottstaedt, Werner"]
[Result "1-0"]
[WhiteElo "2420"]
[BlackElo "2265"]

1.c4 e5 2.g3 Nc6 3.Bg2 Nf6 4.Nc3 Bb4 5.e4 O-O 6.Nge2 a6 7.O-O Bc5 8.d3 d6
9.h3 Rb8 10.Nd5 Nxd5 11.cxd5 Nd4 12.Be3 Nxe2+ 13.Qxe2 Bxe3 14.Qxe3 c6 15.d4 Qb6
16.Qa3 cxd5 17.dxe5 dxe5 18.exd5 Bf5 19.Rfe1 Rfe8 20.Rad1 Rbd8 21.Re3 Qd6
22.Qxd6 Rxd6 23.Rde1 e4 24.g4 Bg6 25.Bxe4 Bxe4 26.Rxe4 Rxe4 27.Rxe4 Kf8 28.Rd4 Ke7
29.Kg2 Rb6 30.b4 Rf6 31.f4 Kd6 32.Kg3 h6 33.h4 g6 34.Kf3 g5 35.h5 Ke7 36.Ke3 Rd6
37.fxg5 hxg5 38.Re4+ Kd7 39.Kd4 Rf6 40.Re3 Kd6 41.Rh3 Rf4+ 42.Kd3 Kxd5 43.h6 Rd4+
44.Ke2 Re4+ 45.Re3 Rxg4 46.Rd3+ Kc4 47.Rh3 Re4+ 48.Kf3 Re8 49.Kg4 Kxb4 50.Kxg5 Rh8
51.h7 b5 52.Kh6 a5 53.Kg7 Rxh7+ 54.Kxh7 Kc4 55.Rh4+ Kc3 56.a4 b4 57.Rh5 b3
58.Rxa5 b2 59.Rc5+  1-0

[Event "BL2-S8990"]
[Site "Germany"]
[Date "1990.??.??"]
[Round "?"]
[White "Hoensch, Matthias"]
[Black "Pribyl, Josef"]
[Result "1/2-1/2"]
[WhiteElo "2330"]
[BlackElo "2440"]

1.c4 e5 2.g3 Nc6 3.Bg2 g6 4.Nc3 Bg7 5.d3 d6 6.e4 Nge7 7.Nge2 O-O 8.O-O Be6
9.Rb1 Qd7 10.b4 Bh3 11.b5 Bxg2 12.Kxg2 Nd8 13.Nd5 Ne6 14.Be3 f5 15.f4 Rf7
16.a4 Raf8 17.Qd2 fxe4 18.dxe4 Nc8 19.a5 c6 20.bxc6 bxc6 21.Ndc3 Qc7 22.a6 Nc5
23.Bxc5 dxc5 24.Rb7 Qa5 25.Rxf7 Rxf7 26.fxe5 Bxe5 27.Rxf7 Kxf7 28.Qd7+ Ne7
29.Qxa7 Bxc3 30.Qb7 Bd4 31.Nxd4 cxd4 32.a7 Qd2+ 33.Kh3 Qh6+  1/2-1/2

[Event "Groningen op"]
[Site "Groningen"]
[Date "1990.??.??"]
[Round "4"]
[White "Bischoff, Klaus"]
[Black "De Boer, Gert Jan"]
[Result "1/2-1/2"]
[WhiteElo "2530"]
[BlackElo "2400"]

1.c4 e5 2.g3 Nf6 3.Bg2 d5 4.cxd5 Nxd5 5.Nc3 Nb6 6.Nf3 Nc6 7.O-O Be7 8.a3 O-O
9.b4 Re8 10.d3 Bf8 11.Bb2 Bg4 12.h3 Bh5 13.Ne4 a5 14.b5 Nd4 15.Ned2 Nxf3+
16.Nxf3  1/2-1/2

[Event "Groningen op"]
[Site "Groningen"]
[Date "1990.??.??"]
[Round "6"]
[White "Bischoff, Klaus"]
[Black "Dunnington, Angus J"]
[Result "1-0"]
[WhiteElo "2530"]
[BlackElo "2380"]

1.c4 e5 2.g3 d6 3.Bg2 f5 4.Nc3 Nf6 5.d3 Be7 6.e3 O-O 7.Nge2 c6 8.O-O Be6
9.b3 Na6 10.Bb2 Nc7 11.Qd2 d5 12.cxd5 Ncxd5 13.Rad1 Nb6 14.f4 exf4 15.Nxf4 Bf7
16.Nce2 Nbd5 17.Nxd5 Nxd5 18.Rxf5 Bg5 19.Nf4 Bh6 20.Rf1 Nxf4 21.gxf4 Qd7
22.Re5 Rad8 23.Be4 Bd5 24.Bxd5+ cxd5 25.Qg2 d4 26.Bxd4 Bxf4 27.Rc5 b6 28.Rcc1 Bh6
29.Rxf8+ Rxf8 30.Rf1 Rxf1+ 31.Kxf1 Qf5+ 32.Ke2 Qh5+ 33.Kd2 Qa5+ 34.Kd1 Qh5+
35.Kc2 Qe8 36.Qd5+ Kh8 37.Kb2 Qc8 38.b4 Qb8 39.Kb3 Qc8 40.b5 Qb8 41.a4 Qc8
42.Qf7  1-0

[Event "Groningen op"]
[Site "Groningen"]
[Date "1990.??.??"]
[Round "7"]
[White "Rotstein, Arkadij"]
[Black "Booij, Johan"]
[Result "1-0"]
[WhiteElo "2365"]
[BlackElo "2290"]

1.c4 e5 2.g3 Nc6 3.Bg2 f5 4.Nc3 Nf6 5.d3 Bb4 6.Bd2 O-O 7.Rc1 d6 8.Nf3 Bxc3
9.Bxc3 Qe8 10.O-O Qh5 11.Qd2 f4 12.gxf4 Ng4 13.h3 Rxf4 14.hxg4 Bxg4 15.Nh2 Bxe2
16.Rfe1 Bg4 17.Nxg4 Rxg4 18.Re4 Rg6 19.f4 Rf8 20.Rf1 Rh6 21.Rf3 Qh2+ 22.Kf1 Rhf6
23.Qf2 Qh5 24.Ke1 Ne7 25.d4 exd4 26.Bxd4 R6f7 27.Rh3 Qa5+ 28.Bc3 Qxa2 29.Qh4 Qb1+
30.Kd2 h6 31.Rxe7 c6 32.Rg3  1-0

[Event "Groningen op"]
[Site "Groningen"]
[Date "1990.??.??"]
[Round "7"]
[White "Bischoff, Klaus"]
[Black "Pomes Marcet, Juan"]
[Result "1-0"]
[WhiteElo "2530"]
[BlackElo "2420"]

1.c4 e5 2.g3 f5 3.Bg2 Nf6 4.b3 Be7 5.Bb2 d6 6.e3 Nc6 7.Ne2 O-O 8.Nbc3 Qe8
9.d3 Qh5 10.Qd2 a6 11.f4 Bd7 12.Nd5 Bd8 13.O-O Rb8 14.Rae1 Qh6 15.Rd1 Re8
16.Rfe1 Na7 17.d4 exd4 18.Bxd4 Nc8 19.Nxf6+ Bxf6 20.Bxf6 Qxf6 21.Bxb7 Rxb7
22.Qd5+ Qe6 23.Qxb7 Qxe3+ 24.Kg2 Qc5 25.Qd5+ Qxd5+ 26.cxd5 Nb6 27.Nc3 Rxe1
28.Rxe1 Kf7 29.Kf2 a5 30.Ke3 Bc8 31.Kd4 Bb7 32.a4 Bxd5 33.Nxd5 c5+ 34.Kd3 Nxd5
35.Kc4 Nc7 36.h3 Kf6 37.g4 g6 38.gxf5 gxf5 39.Rg1 Kf7 40.Rg5 d5+ 41.Kd3 Kf6
42.Rg8 Ne6 43.Ke3 Nd4 44.Rb8 Ke6 45.h4 h5 46.Kd3 Nxb3 47.Rb6+ Ke7 48.Rh6 c4+
49.Kc3 Nc1 50.Kd4 Ne2+ 51.Kxd5 Nxf4+ 52.Kxc4 Kf7 53.Ra6 Ng2 54.Rxa5 Nxh4
55.Rb5  1-0

[Event "Helsinki"]
[Site "Helsinki"]
[Date "1990.??.??"]
[Round "5"]
[White "Pein, Malcolm"]
[Black "Barlov, Dragan"]
[Result "1/2-1/2"]
[WhiteElo "2420"]
[BlackElo "2520"]

1.c4 e5 2.g3 Nf6 3.Bg2 Nc6 4.Nf3 g6 5.O-O Bg7 6.Nc3 O-O 7.d4 exd4 8.Nxd4 Re8
9.Nxc6 dxc6 10.Qa4 Bf5 11.Bg5 Qc8 12.Rad1 Bh3 13.Rfe1 Bxg2 14.Kxg2 Qf5 15.Bxf6 Bxf6
16.e4 Qc5 17.Rd7 Rad8 18.Qd1 Kf8 19.Rxd8 Rxd8 20.Qe2 Bxc3 21.bxc3 Qd6 22.Qe3 b6
23.Qg5 Qe7 24.Qh6+ Kg8 25.e5 Qe6 26.Re4 Qf5 27.Rh4 Qxe5 28.Qxh7+ Kf8 29.Qh8+ Qxh8
30.Rxh8+ Ke7 31.Rxd8 Kxd8 32.Kf3 Ke7 33.Kf4 f6 34.h4 Kf7 35.g4 Kg7 36.f3 a6
37.a3 c5 38.Ke4 c6 39.Kf4 Kh6 40.Ke4 Kg7 41.f4 Kh6 42.g5+ Kg7 43.f5 gxf5+
44.Kxf5 fxg5 45.hxg5 b5  1/2-1/2

[Event "Kecskemet op"]
[Site "Kecskemet"]
[Date "1990.??.??"]
[Round "?"]
[White "Vaulin, Alexander"]
[Black "Videki, Sandor"]
[Result "1-0"]
[WhiteElo "2390"]
[BlackElo "2405"]

1.c4 e5 2.g3 c6 3.Nf3 e4 4.Nd4 d5 5.cxd5 Qxd5 6.e3 Nf6 7.Bg2 Na6 8.Nc3 Qe5
9.O-O Bb4 10.f3 exf3 11.Qxf3 O-O 12.Nf5 Qxf5 13.Qxf5 Bxf5 14.Rxf5 Nc5 15.Bf1 Rad8
16.d4 Nce4 17.Nxe4 Nxe4 18.a3 Bd6 19.Bd3 Rfe8 20.b4 g6 21.Rf1 Re7 22.Ra2 f5
23.Kg2 Rde8 24.Re1 h5 25.Rc2 a6 26.Kf3 Kh7 27.Ke2 h4 28.gxh4 Bxh2 29.Kf3 Bd6
30.Rg2 Rg7 31.Ke2 Nf6 32.Reg1 Nd5 33.Kf3 Rge7 34.Rxg6 Bh2 35.Bxf5 Rxe3+ 36.Bxe3 Rxe3+
37.Kf2 Bxg1+ 38.Rxg1+ Kh8 39.Rg3 Re8 40.Bd3 Nf4 41.Bc4 Ne6 42.d5 cxd5 43.Bxd5 b6
44.Re3 Rf8+ 45.Kg3 Nd4 46.Kg4 a5 47.Rd3 Nc2 48.bxa5 bxa5 49.Be4 Rc8 50.Kg5 a4
51.Kh6 Kg8 52.Rf3 Nd4 53.Bd5+ Kh8 54.Rf7  1-0

[Event "Kecskemet"]
[Site "Kecskemet"]
[Date "1990.??.??"]
[Round "4"]
[White "Hertneck, Gerald"]
[Black "Barczay, Laszlo"]
[Result "1-0"]
[WhiteElo "2480"]
[BlackElo "2335"]

1.c4 e5 2.g3 Nc6 3.Bg2 g6 4.Nc3 Bg7 5.d3 Nge7 6.Rb1 O-O 7.b4 d6 8.b5 Nd4
9.e3 Ne6 10.Nge2 a6 11.a4 axb5 12.axb5 Nc5 13.d4 exd4 14.exd4 Nd7 15.O-O Nb6
16.c5 Nc4 17.Qb3 Na5 18.Qb4 Bg4 19.Bg5 h6 20.Bxe7 Qxe7 21.Nf4 dxc5 22.dxc5 c6
23.Na4 g5 24.Ng6 fxg6 25.Qxg4 Qf7 26.Nb6 Rad8 27.Qa4 Bc3 28.Qc2 Bd4 29.Qa4 Bc3
30.bxc6 bxc6 31.Qa3 Bd2 32.Qb2 Nc4 33.Nxc4 Qxc4 34.Qb6 Qd3 35.Qxc6 Rxf2 36.Qe6+ Kh8
37.Qe5+ Kg8 38.Kxf2 Be3+ 39.Qxe3 Rf8+ 40.Bf3  1-0

[Event "RSFSR-ch"]
[Site "Kuibishev"]
[Date "1990.??.??"]
[Round "?"]
[White "Makarov, Marat"]
[Black "Semeniuk, Alexander A"]
[Result "1-0"]
[WhiteElo "2480"]
[BlackElo "2340"]

1.c4 e5 2.g3 Nf6 3.Bg2 d5 4.cxd5 Nxd5 5.Nc3 Nb6 6.Nf3 Nc6 7.O-O Be7 8.a3 a5
9.d3 O-O 10.Be3 f5 11.Na4 Kh8 12.Rc1 Bf6 13.Nd2 Nxa4 14.Qxa4 Bd7 15.Qc2 a4
16.b4 axb3 17.Nxb3 Be7 18.Nc5 Bc8 19.Qb2 f4 20.Nxb7 Bxb7 21.Qxb7 fxe3 22.fxe3 Bg5
23.Kh1 Bxe3 24.Rb1 Rxa3 25.Qxc6 Bd4 26.Qxc7 Rc3 27.Rxf8+ Qxf8 28.Rb8 Rc1+
29.Bf1 Rxf1+ 30.Kg2 Rf2+ 31.Kh3 h6 32.Rxf8+ Rxf8 33.e3 Bxe3 34.Qxe5 Bg5 35.d4 Bf6
36.Qe6 Rd8 37.d5 Kh7 38.d6 Kg6 39.d7 h5 40.Kg2 Kh6 41.Qe8 h4 42.g4 Kh7 43.h3  1-0

[Event "Leningrad op"]
[Site "Leningrad"]
[Date "1990.??.??"]
[Round "?"]
[White "Shushpanov, Vladimir"]
[Black "Solozhenkin, Evgeniy"]
[Result "1-0"]
[WhiteElo "2240"]
[BlackElo "2420"]

1.c4 e5 2.g3 Nf6 3.Bg2 d5 4.cxd5 Nxd5 5.Nc3 Nb6 6.Nf3 Nc6 7.O-O Be7 8.d3 O-O
9.Be3 f5 10.Na4 Kh8 11.Rc1 e4 12.Ne1 Bf6 13.b3 Nxa4 14.bxa4 Qe8 15.Qc2 Nb4
16.Qb3 a5 17.dxe4 fxe4 18.a3 Be6 19.Qb1 Na2 20.Rxc7 Bd5 21.Bd2 Qe6 22.Nc2 Bc6
23.Ne3 Nc3 24.Bxc3 Bxc3 25.Rc1 Bd2 26.Qb2  1-0

[Event "Luxembourg op"]
[Site "Luxembourg"]
[Date "1990.??.??"]
[Round "7"]
[White "Mednis, Edmar John"]
[Black "Southam, Todd"]
[Result "1-0"]
[WhiteElo "2440"]
[BlackElo "2335"]

1.c4 e5 2.g3 Nf6 3.Bg2 c6 4.d4 exd4 5.Qxd4 d5 6.Nf3 Be7 7.cxd5 cxd5 8.O-O O-O
9.Nc3 Nc6 10.Qa4 Qb6 11.Qb5 d4 12.Qxb6 axb6 13.Nb5 Rd8 14.Bf4 Nd5 15.Bd2 Bf6
16.Bg5 Ra5 17.a4 Bxg5 18.Nxg5 Ndb4 19.Rfd1 Bf5 20.Nf3 Bc2 21.Rd2 d3 22.exd3 Rxd3
23.Nc3 g6 24.Re2 Rd8 25.h4 b5 26.Nxb5 Bd3 27.Rd2 Bxb5 28.Rxd8+ Nxd8 29.Rd1 Bxa4
30.Rxd8+ Kg7 31.Ng5 h6 32.Ne4 Bc6 33.Nd6 Ra1+ 34.Kh2 Nd3 35.Bxc6 bxc6 36.Ne8+ Kf8
37.Nc7+  1-0

[Event "Moscow op"]
[Site "Moscow"]
[Date "1990.??.??"]
[Round "?"]
[White "Sher, Miron N"]
[Black "Dragomarezkij, Evgeni"]
[Result "0-1"]
[WhiteElo "2485"]
[BlackElo "2435"]

1.c4 e5 2.g3 Nc6 3.Bg2 d6 4.Nc3 Be6 5.Qa4 Qd7 6.Nd5 g6 7.b4 Bg7 8.b5 Nd8
9.Rb1 Ne7 10.Nxe7 Qxe7 11.b6+ Qd7 12.Qxd7+ Kxd7 13.bxc7 Kxc7 14.d3 Nc6 15.Nf3 h6
16.e4 a6 17.a4 Rhb8 18.Be3 b6 19.Rb2 Bd7 20.Ke2 Rb7 21.Nd2 Rab8 22.Ra1 h5
23.h4 f5 24.Nb3 f4 25.Bd2 fxg3 26.fxg3 Rf8 27.Be3 Nd8 28.Nd2 Ne6 29.Nb1 Nd4+
30.Bxd4 Bg4+ 31.Ke1 exd4 32.Nd2 Be5 33.Nf1 Bd7 34.Raa2 Rbb8 35.Rf2 a5 36.Bf3 Rf7
37.Bg2 Rbf8 38.Rxf7 Rxf7 39.Ra1 Kc6 40.Ra2 Kc5 41.Ra1 Rf6 42.Ra2 Kb4 43.Rb2+ Kc3
44.Rxb6 Kxd3 45.Ra6 Kc3 46.Rxa5 d3 47.c5 Bxg3+ 48.Nxg3 d2+ 49.Kd1 Bg4+ 50.Ne2+ Kd3  0-1

[Event "Novi Sad ol (Men)"]
[Site "Novi Sad"]
[Date "1990.??.??"]
[Round "1"]
[White "Brestian, Egon"]
[Black "Stohl, Igor"]
[Result "1/2-1/2"]
[WhiteElo "2470"]
[BlackElo "2525"]

1.c4 e5 2.g3 Nf6 3.Bg2 d5 4.cxd5 Nxd5 5.Nc3 Nb6 6.Nf3 Nc6 7.O-O Be7 8.d3 O-O
9.Be3 Re8 10.Na4 Bf8 11.Rc1 e4 12.Ne1 Bg4 13.Nxb6 axb6 14.a3 Nd4 15.Bxd4 Qxd4
16.h3 Bh5 17.g4 Bg6 18.dxe4 Qxd1 19.Rxd1 Bxe4 20.e3 b5 21.Rd4 Bxg2 22.Nxg2 Bd6
23.Rd5 Re5 24.Rfd1 Rxd5 25.Rxd5 b4 26.e4 bxa3 27.bxa3 Bxa3 28.Ne3 Kf8 29.Kg2 g6
30.Rd7 Bd6 31.Nd5 b5 32.Nxc7 Bxc7 33.Rxc7 Rb8 34.Rc3 b4 35.Rb3 Ke7 36.Kf3 Kd6
37.Ke3 Kc5 38.Kd3 g5 39.Kc2 Kd4 40.Rf3 Rb7 41.Rf5 h6 42.f4 gxf4 43.Rxf4 Ke5
44.Rf5+ Kxe4 45.Kb3 Kd4 46.Rh5 Rb6 47.Rf5 Rb7  1/2-1/2

[Event "Novi Sad ol (Men)"]
[Site "Novi Sad"]
[Date "1990.??.??"]
[Round "5"]
[White "Johansen, Darryl K"]
[Black "Khechen, Nabil E"]
[Result "1-0"]
[WhiteElo "2445"]
[BlackElo "2250"]

1.c4 e5 2.g3 c6 3.Nf3 e4 4.Nd4 d5 5.cxd5 Qb6 6.Nb3 cxd5 7.Nc3 Nf6 8.d3 Bb4
9.Be3 Qc6 10.Bd4 Bf5 11.a3 Bxc3+ 12.Bxc3 exd3 13.Nd4 Qd7 14.Nxf5 Qxf5 15.Qxd3 Qxd3
16.exd3 Nbd7 17.Kd2 O-O 18.Bd4 Rac8 19.Bh3 Rc6 20.Rhc1 Rfc8 21.Rxc6 Rxc6
22.Bxa7 b6 23.Rc1 Rxc1 24.Kxc1 Kf8 25.b4 Ke7 26.a4 Kd6 27.a5 bxa5 28.bxa5 Kc6
29.Bd4 Nc5 30.Kc2 Kb5 31.Bc8 Na6 32.Bxa6+ Kxa6 33.Bxf6  1-0

[Event "Novi Sad ol (Men)"]
[Site "Novi Sad"]
[Date "1990.??.??"]
[Round "7"]
[White "Brady, Stephen"]
[Black "Chan Peng Kong"]
[Result "1-0"]
[WhiteElo "2290"]
[BlackElo "2285"]

1.c4 e5 2.g3 Nf6 3.Bg2 Nc6 4.Nc3 Bb4 5.Nd5 a5 6.Nf3 O-O 7.O-O Re8 8.d3 h6
9.Nxb4 axb4 10.Bd2 d5 11.b3 e4 12.Ne1 Bg4 13.dxe4 dxe4 14.Nc2 Nd4 15.Nxd4 Qxd4
16.Bxb4 Qxd1 17.Rfxd1 Bxe2 18.Rd2 Bd3 19.Bc3 Ng4 20.f3 Nf6 21.Bxf6 gxf6 22.fxe4 Bxe4
23.Bxe4 Rxe4 24.Rf1 Kg7 25.Rff2 Ra6 26.Rd7 Rc6 27.Kf1 Kg6 28.Re2 f5 29.Kf2 h5
30.Kf3 Rce6 31.Red2 h4 32.Rxc7 h3 33.Rxb7 Re3+ 34.Kf2 Re1 35.Rb6 Rh1 36.Rxe6+ fxe6
37.Ke3 e5 38.Rc2 Kg5 39.c5 f4+ 40.gxf4+ exf4+ 41.Kd4 Rd1+ 42.Ke5 Re1+ 43.Kd6 f3
44.c6 Rd1+ 45.Kc5  1-0

[Event "Novi Sad ol (Men)"]
[Site "Novi Sad"]
[Date "1990.??.??"]
[Round "8"]
[White "Correa, Aron A"]
[Black "Alaan, Vince"]
[Result "0-1"]
[WhiteElo "2320"]
[BlackElo "2330"]

1.c4 e5 2.g3 Nc6 3.Bg2 g6 4.Nc3 d6 5.Rb1 Be6 6.b4 Qd7 7.Nd5 Bg7 8.d3 Nd8
9.e4 c6 10.Ne3 Ne7 11.Nf3 f5 12.Ng5 O-O 13.Nxe6 Nxe6 14.O-O Rae8 15.Nc2 a6
16.Bb2 d5 17.exd5 cxd5 18.Re1 d4 19.Na1 b5 20.Qb3 f4 21.cxb5 axb5 22.Bxd4 fxg3
23.Re4 gxf2+ 24.Bxf2 Kh8 25.Bg3 Nf5 26.Nc2 Ng5 27.Rg4 Nxg3 28.Rxg3 Ne6 29.Be4 Nf4
30.Kh1 Rf6 31.Rf1 Ref8 32.Rgf3 g5 33.Ne3 g4 34.Rg3 Ne2 35.Rxf6 Nxg3+ 36.hxg3 Bxf6
37.Qd5 Qg7 38.Nf5 Qg5 39.Qxb5 Rc8 40.Qb7 Rc1+  0-1

[Event "Novi Sad ol (Men)"]
[Site "Novi Sad"]
[Date "1990.??.??"]
[Round "13"]
[White "Brestian, Egon"]
[Black "Solomon, Stephen J"]
[Result "1-0"]
[WhiteElo "2470"]
[BlackElo "2440"]

1.c4 e5 2.g3 Nf6 3.Bg2 c6 4.Nf3 e4 5.Nd4 d5 6.cxd5 Qxd5 7.Nc2 Qh5 8.h3 Qg6
9.Nc3 Bd6 10.d3 exd3 11.Qxd3 Qxd3 12.exd3 Nbd7 13.O-O O-O 14.Ne3 Nb6 15.b3 a5
16.Nc4 Bc7 17.Bf4 Bxf4 18.Nxb6 Be5 19.d4 Bxd4 20.Nxa8 Bxc3 21.Rad1 a4 22.Nb6 axb3
23.axb3 Be6 24.Rd3 Ba5 25.Nc4 Bb4 26.Rfd1 h5 27.Rd8 Nd5 28.Rxf8+ Kxf8 29.Ra1 Ke8
30.Ra7 b5 31.Ne5 c5 32.Nd3 Nc3 33.Nc1 c4 34.bxc4 bxc4 35.Bf1 Kd8 36.h4 Kc8
37.Ne2 Ne4 38.Nf4 c3 39.Ba6+ Kd8 40.Nxe6+ fxe6 41.Bd3 Nc5 42.Bc2 Nd7 43.Kf1 Bc5
44.Rb7 Kc8 45.Rb3 Bd4 46.Rb4 e5 47.Bf5 Kc7 48.Bxd7 Kxd7 49.Ke2 Ke6 50.f3 g6
51.Rc4 Kd5 52.Kd3 Kd6 53.Ra4 Ke6 54.Ra6+ Kf5 55.Ra2 Bb6 56.Rc2 e4+ 57.fxe4+ Kg4
58.Rxc3 Kxg3 59.Rc6 Bd8 60.Rxg6+ Kf4 61.Rh6 Kg4 62.e5  1-0

[Event "Orange op"]
[Site "Orange"]
[Date "1990.??.??"]
[Round "5"]
[White "Spiridonov, Nikola"]
[Black "Bellas, Alexandre"]
[Result "1-0"]
[WhiteElo "2405"]
[BlackElo "2240"]

1.c4 e5 2.g3 Nf6 3.Bg2 c6 4.d4 Bb4+ 5.Bd2 Bxd2+ 6.Qxd2 d6 7.Nc3 O-O 8.e3 Na6
9.Nge2 Bf5 10.e4 Bg4 11.f3 Be6 12.b3 Nh5 13.O-O g5 14.Rad1 Nc7 15.f4 f6 16.fxg5 fxg5
17.Rxf8+ Kxf8 18.dxe5 Ne8 19.exd6 Qb6+ 20.Nd4  1-0

[Event "Paris-ch"]
[Site "Paris"]
[Date "1990.??.??"]
[Round "?"]
[White "Vandevoort, Pascal"]
[Black "Lecuyer, Christian"]
[Result "1-0"]
[WhiteElo "2205"]
[BlackElo "2290"]

1.c4 e5 2.g3 Nc6 3.Bg2 f5 4.Nc3 Nf6 5.Nf3 g6 6.O-O Bg7 7.d3 d6 8.Bg5 Ne7
9.Nd5 O-O 10.Qd2 Nexd5 11.cxd5 Bd7 12.Rac1 c5 13.dxc6 Bxc6 14.Qb4 Qd7 15.Nd2 Bxg2
16.Kxg2 Rfc8 17.Nc4 Ne8 18.Qb3 Kh8 19.Na3 d5 20.Qb5 Qf7 21.Rc5 Nd6 22.Qb4 Rxc5
23.Qxc5 Qe6 24.Nb5 Nxb5 25.Qxb5 f4 26.Qxb7 Re8 27.Rc1 Qg4 28.Rc7 Qxg5 29.Rxg7 Qh6
30.Re7 Rxe7 31.Qxe7 Qh5 32.Qf8+  1-0

[Event "Paris-ch"]
[Site "Paris"]
[Date "1990.??.??"]
[Round "?"]
[White "Murrey, Jacob"]
[Black "Dunnington, Angus J"]
[Result "0-1"]
[WhiteElo "2530"]
[BlackElo "2370"]

1.c4 e5 2.g3 d6 3.Nc3 c6 4.d4 Nf6 5.Bg2 Be7 6.e3 O-O 7.Nge2 Nbd7 8.O-O Nb6
9.b3 exd4 10.exd4 Bf5 11.Ba3 Re8 12.Re1 d5 13.Bxe7 Rxe7 14.c5 Nbd7 15.Qd2 Ne4
16.Nxe4 dxe4 17.Qf4 Bg6 18.Nc3 f5 19.Rad1 Nf6 20.Bf1 Kh8 21.Bc4 Bh5 22.Rd2 Qa5
23.Nb1 Rd8 24.Re3 Bg6 25.a3 Qc7 26.Nc3 Qxf4 27.gxf4 b5 28.cxb6 axb6 29.a4 Red7
30.Ne2 Rd6 31.b4 Bh5 32.Ra3 Bxe2 33.Bxe2 Nd5 34.a5 b5 35.a6 Ra8 36.a7 h6
37.f3 Rd7 38.Rc2 Nxb4 39.Rc5 Rdxa7 40.Rxa7 Rxa7 41.Rxf5 e3 42.Re5 Ra3 43.f5 Nd5
44.Re4 Ra1+ 45.Kg2 Ra2 46.Re8+ Kh7 47.Kf1 Ra1+  0-1

[Event "Paris-ch"]
[Site "Paris"]
[Date "1990.??.??"]
[Round "?"]
[White "Moingt, Jean Claude"]
[Black "Beran, Josef"]
[Result "1/2-1/2"]
[WhiteElo "2265"]
[BlackElo "2270"]

1.c4 e5 2.g3 Nc6 3.Bg2 g6 4.Nc3 Bg7 5.e3 Nge7 6.Nge2 d6 7.d3 Be6 8.Nd5 O-O
9.O-O Qd7 10.Rb1 Nd8 11.b4 c6 12.Nxe7+ Qxe7 13.b5 Qd7 14.Re1 d5 15.bxc6 Nxc6
16.Qa4 Rab8 17.Ba3 Rfd8 18.Nc3 d4 19.Nd5 dxe3 20.fxe3 f5 21.Bb2  1/2-1/2

[Event "URS-chT"]
[Site "Podolsk"]
[Date "1990.??.??"]
[Round "?"]
[White "Serper, Grigory"]
[Black "Karasev, Vladimir I"]
[Result "1-0"]
[WhiteElo "2420"]
[BlackElo "2375"]

1.c4 e5 2.g3 Nc6 3.Bg2 d6 4.Nc3 f5 5.d3 Nf6 6.e3 g6 7.Nge2 Bg7 8.O-O O-O
9.Rb1 Kh8 10.b4 a6 11.a4 g5 12.b5 axb5 13.axb5 Ne7 14.f4 gxf4 15.exf4 Ng6
16.Qb3 Qe7 17.Bd2 e4 18.dxe4 Nxe4 19.Nxe4 fxe4 20.Nc3 Bf5 21.Rbe1 Qf6 22.Nxe4 Qd4+
23.Be3 Qb2 24.Qxb2 Bxb2 25.b6 Rfe8 26.Bf2 Re7 27.Ng5 cxb6 28.Rxe7 Nxe7 29.Nf7+ Kg7
30.Nxd6 Bd3 31.Rd1 Be2 32.Re1 Bd3 33.Rxe7+ Kf6 34.Re1  1-0

[Event "Prestwich"]
[Site "Prestwich"]
[Date "1990.??.??"]
[Round "3"]
[White "Webster, Andrew"]
[Black "Schlosser, Michael"]
[Result "1/2-1/2"]
[WhiteElo "2275"]
[BlackElo "2340"]

1.c4 e5 2.g3 d6 3.Bg2 g6 4.Nc3 Bg7 5.e3 Nc6 6.Nge2 Nge7 7.Rb1 a5 8.a3 Bf5
9.d3 Qd7 10.Nd5 Nxd5 11.cxd5 Ne7 12.e4 Bh3 13.O-O c6 14.dxc6 bxc6 15.d4 Bxg2
16.Kxg2 exd4 17.Nxd4 O-O 18.Be3 d5 19.Nb3 Qc7 20.Bd4 Rfd8 21.Bxg7 Kxg7 22.Qd4+ Kg8
23.Rfe1 dxe4 24.Qxe4 Nd5 25.Rbc1 Qb6 26.Qa4 Ra6 27.Re2 Rc8 28.Rd2 Qd8 29.Rc5 Rb8
30.Rxc6 Qe8 31.Rc4 Qxa4 32.Rxa4 Rxb3 33.Rxd5 Rxb2 34.Rdxa5 Rf6 35.Rf4 Rxf4
36.gxf4 Ra2 37.h4 h5 38.Kg3 Kg7 39.f5 gxf5 40.f3 Kg6 41.Ra6+ f6 42.Ra7 Ra1
43.a4 Rh1 44.a5 f4+ 45.Kg2 Ra1 46.a6 Ra2+ 47.Kf1 Ra1+  1/2-1/2

[Event "Pula op"]
[Site "Pula"]
[Date "1990.??.??"]
[Round "5"]
[White "Serper, Grigory"]
[Black "Bujupi, Fatmir"]
[Result "1-0"]
[WhiteElo "2420"]
[BlackElo "2240"]

1.c4 e5 2.g3 Nc6 3.Bg2 f5 4.Nc3 Nf6 5.e3 g6 6.Nge2 Bg7 7.d3 O-O 8.O-O Rb8
9.Rb1 b6 10.e4 Ne7 11.d4 Nxe4 12.Nxe4 fxe4 13.d5 d6 14.Nc3 Nf5 15.Nxe4 Nd4
16.Be3 Bd7 17.Bxd4 exd4 18.Qd2 h6 19.f4 Qc8 20.Rbc1 Qa6 21.b3 Rbe8 22.Rfe1 Qa3
23.Bf1 Bf5 24.Bd3 a5 25.Nf2 Qb4 26.Qxb4 axb4 27.Bxf5 gxf5 28.Nd3 Re4 29.Nxb4 h5
30.Kf2 h4 31.Rc2 Rfe8 32.Rce2 Kf7 33.Kf3 hxg3 34.hxg3 Rxe2 35.Rxe2 Rh8 36.Kg2 Ra8
37.a4 Bf6 38.Nd3 Rg8 39.Kf3 Rh8 40.Kg2 Rg8 41.Ne1 Bh4 42.Kh3 Bxg3 43.Nd3 Rg4
44.Rg2 Bxf4 45.Rxg4 fxg4+ 46.Kxg4 Bd2 47.Kf5 Ke7 48.Ke4 Bc3 49.Nf4 Bd2 50.Ne2 Kd7
51.Nxd4 Ba5 52.Nc6 Bc3 53.Kf5 Be1 54.Kf6 Bc3+ 55.Kf7 Bd2 56.b4 Kc8 57.Ke8 Be1
58.Kf7 Bd2 59.Kf8 Be1 60.Ke8 Bd2 61.a5 bxa5 62.bxa5 Kb7 63.Kd7 Bf4 64.Nd4 Bh2
65.Nb3 Bg1 66.a6+ Kxa6 67.Kxc7 Bh2 68.Kc6 Bf4 69.Nd4 Ka5 70.Nf5 Kb4 71.Nxd6 Be3
72.Nf5 Bc5 73.d6  1-0

[Event "Pula op"]
[Site "Pula"]
[Date "1990.??.??"]
[Round "9"]
[White "Berkovich, Mark A"]
[Black "Rumiancev, Gennadij"]
[Result "0-1"]
[WhiteElo "2330"]
[BlackElo "2280"]

1.c4 e5 2.g3 Nf6 3.Bg2 d5 4.cxd5 Nxd5 5.Nf3 Nc6 6.O-O g6 7.Nc3 Nde7 8.d3 Bg7
9.Be3 O-O 10.Qc1 Re8 11.Bh6 Bh8 12.Re1 Nf5 13.Bg5 f6 14.Bd2 Nd6 15.Na4 Be6
16.Nc5 Bd5 17.e4 Bf7 18.Nxb7 Nxb7 19.Qxc6 Re6 20.Qc2 Rd6 21.d4 exd4 22.Bf4 d3
23.Qd2 Ra6 24.e5 Rb8 25.exf6 Nc5 26.Ne5 Bxf6 27.Rac1 Ne6 28.Rc6 Nxf4 29.Nxf7 Kxf7
30.Rxa6 Ne2+ 31.Rxe2 dxe2 32.Qxe2 Rxb2 33.Qc4+ Kg7 34.Rxa7 Bg5 35.Bd5 Qf6
36.f4 Qb6+ 37.Kh1 Qf2  0-1